<?xml version="1.0" encoding="UTF-8"?><?xml-stylesheet type="text/xsl" href="static/style.xsl"?><OAI-PMH xmlns="http://www.openarchives.org/OAI/2.0/" xmlns:xsi="http://www.w3.org/2001/XMLSchema-instance" xsi:schemaLocation="http://www.openarchives.org/OAI/2.0/ http://www.openarchives.org/OAI/2.0/OAI-PMH.xsd"><responseDate>2026-06-07T19:38:53Z</responseDate><request verb="GetRecord" identifier="oai:docta.ucm.es:20.500.14352/61686" metadataPrefix="marc">https://docta.ucm.es/rest/oai/request</request><GetRecord><record><header><identifier>oai:docta.ucm.es:20.500.14352/61686</identifier><datestamp>2023-07-13T04:45:01Z</datestamp><setSpec>com_20.500.14352_14</setSpec><setSpec>col_20.500.14352_22</setSpec></header><metadata><record xmlns="http://www.loc.gov/MARC21/slim" xmlns:dcterms="http://purl.org/dc/terms/" xmlns:xsi="http://www.w3.org/2001/XMLSchema-instance" xmlns:doc="http://www.lyncode.com/xoai" xsi:schemaLocation="http://www.loc.gov/MARC21/slim http://www.loc.gov/standards/marcxml/schema/MARC21slim.xsd">
   <leader>00925njm 22002777a 4500</leader>
   <datafield ind2=" " ind1=" " tag="042">
      <subfield code="a">dc</subfield>
   </datafield>
   <datafield ind2=" " ind1=" " tag="720">
      <subfield code="a">Mingorance Jiménez, Alfredo</subfield>
      <subfield code="e">author</subfield>
   </datafield>
   <datafield ind2=" " ind1=" " tag="260">
      <subfield code="c">2002</subfield>
   </datafield>
   <datafield ind2=" " ind1=" " tag="520">
      <subfield code="a">Esta tesis analiza la transformación de un distrito de reciente pasado industrial, Vallecas, actualmente orientado hacia actividades terciarias de consumo final, ocio y esparcimiento. Distrito de marcada heterogeneidad urbana en una ciudad multifuncional muy polarizada en economía terciarizada. Objetivos fundamentales; demostrar que los problemas de carácter social y económico no se resuelven con operaciones de diseño urbano sino que hay que buscar procesos socioeconómicos alternativos, remodelación urbanística. Metodología, integración de Vallecas en el modelo territorial metropolitano madrileño, considerando el urbanismo marginal y la segregación social y urbana. Caracteristicas demográficas, funciones económicas y grupos socioprofesionales, con elevado paro, eventualidad laboral, desempleo juvenil y fracaso escolar.</subfield>
   </datafield>
   <datafield ind1="8" ind2=" " tag="024">
      <subfield code="a">978-84-8466-089-7</subfield>
   </datafield>
   <datafield ind1="8" ind2=" " tag="024">
      <subfield code="a">https://hdl.handle.net/20.500.14352/61686</subfield>
   </datafield>
   <datafield ind2="0" ind1="0" tag="245">
      <subfield code="a">Sociedad y empleo en Vallecas</subfield>
   </datafield>
</record></metadata></record></GetRecord></OAI-PMH>